[Event "AUS-ch U18"]
[Site "Canberra"]
[Date "2007.01.22"]
[Round "8"]
[White "Eriksson, Caleb"]
[Black "Gan, Zhong Haong"]
[Result "0-1"]
[WhiteElo "1148"]
[BlackElo "1482"]
[PlyCount "24"]
[EventDate "2007.01.14"]
[EventType "swiss"]
[EventRounds "11"]
[EventCountry "AUS"]
[SourceTitle "EXT 2008"]
[Source "ChessBase"]
[SourceDate "2007.11.25"]
[SourceVersion "1"]
[SourceVersionDate "2007.11.25"]
[SourceQuality "1"]

1. e4 e5 2. Nf3 Nc6 3. Bb5 a6 4. Bxc6 dxc6 5. 0-0 Bg4 6. c3 Bd6 7. d4 Qe7 8. Re1 0-0-0 9. Nbd2 exd4 10. cxd4 Bb4 11. d5 cxd5 12. exd5 Bxf3 0-1

[Event "AUS-ch U18"]
[Site "Canberra"]
[Date "2007.01.19"]
[Round "5"]
[White "Gan, Zhong Haong"]
[Black "Behne Smith, David"]
[Result "1-0"]
[WhiteElo "1482"]
[BlackElo "1840"]
[PlyCount "55"]
[EventDate "2007.01.14"]
[EventType "swiss"]
[EventRounds "11"]
[EventCountry "AUS"]
[SourceTitle "EXT 2008"]
[Source "ChessBase"]
[SourceDate "2007.11.25"]
[SourceVersion "1"]
[SourceVersionDate "2007.11.25"]
[SourceQuality "1"]

1. e4 c5 2. Nf3 d6 3. Bb5+ Bd7 4. Bxd7+ Nxd7 5. 0-0 Ngf6 6. Qe2 Qc7 7. Nc3 g6 8. d3 Bg7 9. h3 0-0 10. Be3 a6 11. a4 Rfd8 12. Qd2 Rac8 13. Bh6 Bxh6 14. Qxh6 d5 15. Nxd5 Nxd5 16. exd5 c4 17. Rfe1 Nf6 18. dxc4 Qxc4 19. Rxe7 Qxc2 20. Ng5 Rc7 21. Ne6 Nh5 22. Rxc7 Qxb2 23. Rac1 Qb6 24. Nxd8 Ng3 25. Rxf7 Ne2+ 26. Kh1 Ng3+ 27. fxg3 Kh8 28. Rf8# 1-0

[Event "AUS-ch U18"]
[Site "Canberra"]
[Date "2007.01.16"]
[Round "3"]
[White "Gan, Zhong Haong"]
[Black "Kumar, Sanjesh"]
[Result "1/2-1/2"]
[WhiteElo "1482"]
[BlackElo "1028"]
[PlyCount "66"]
[EventDate "2007.01.14"]
[EventType "swiss"]
[EventRounds "11"]
[EventCountry "AUS"]
[SourceTitle "EXT 2008"]
[Source "ChessBase"]
[SourceDate "2007.11.25"]
[SourceVersion "1"]
[SourceVersionDate "2007.11.25"]
[SourceQuality "1"]

1. e4 c5 2. Bb5 a6 3. Bc4 b5 4. Bd5 Nc6 5. Nf3 e6 6. Bxc6 dxc6 7. 0-0 Nf6 8. d3 Be7 9. Bf4 0-0 10. Nbd2 Nd7 11. e5 f6 12. Bg3 fxe5 13. Nxe5 Nxe5 14. Bxe5 Bd6 15. Bxd6 Qxd6 16. Qh5 Bd7 17. Ne4 Qc7 18. Qxc5 Rf5 19. Qc3 Qf4 20. Rae1 Rb8 21. a3 Rh5 22. h3 e5 23. Re3 Re8 24. Rf3 Qh6 25. Re1 Rf8 26. Ree3 Rhf5 27. Rxf5 Rxf5 28. Ng3 Rg5 29. Rxe5 Rxe5 30. Qxe5 Be6 31. Nf5 Qg5 32. Qxe6+ Kf8 33. Nd6 Qc1+ 1/2-1/2

[Event "Victoria-ch qual"]
[Site "Melbourne"]
[Date "2006.10.21"]
[Round "7"]
[White "Gan, Zhong Haong"]
[Black "Reid, Bill"]
[Result "1/2-1/2"]
[WhiteElo "1277"]
[BlackElo "1537"]
[PlyCount "115"]
[EventDate "2006.10.05"]
[EventType "tourn"]
[EventRounds "9"]
[EventCountry "AUS"]
[SourceTitle "EXT 2008"]
[Source "ChessBase"]
[SourceDate "2007.11.25"]
[SourceVersion "1"]
[SourceVersionDate "2007.11.25"]
[SourceQuality "1"]

1. e4 d5 2. exd5 Qxd5 3. Nc3 Qd6 4. d4 g6 5. Nf3 Bg7 6. Nb5 Qd8 7. Bf4 Na6 8. c3 Nf6 9. Bc4 0-0 10. 0-0 c6 11. Na3 Nc7 12. Ng5 Nfd5 13. Bxc7 Qxc7 14. Qf3 h6 15. Ne4 Nf6 16. Rae1 Bf5 17. Ng3 Bg4 18. Qe3 Rfe8 19. h3 Bd7 20. f4 e6 21. Nb1 Rac8 22. Nd2 c5 23. Be2 cxd4 24. Qxd4 Qc5 25. Qxc5 Rxc5 26. Nde4 Rc7 27. Nd6 Rd8 28. Bf3 Bc6 29. Bxc6 Rxd6 30. Bf3 Rd2 31. Rf2 Rcd7 32. Rxd2 Rxd2 33. Re2 Rd7 34. Ne4 Nxe4 35. Bxe4 Kf8 36. Kf2 Ke7 37. Ke3 b6 38. Rd2 Rxd2 39. Kxd2 Kd6 40. Kd3 e5 41. f5 gxf5 42. Bxf5 Bf6 43. Ke3 Bg5+ 44. Kf3 Kd5 45. Bd3 Ke6 46. g4 Bc1 47. b3 Bb2 48. c4 Bc1 49. Bf5+ Kd6 50. Ke4 Bf4 51. Kd3 Bg5 52. Kc3 a5 53. b4 Bf4 54. Kb3 Bd2 55. a3 Be1 56. bxa5 bxa5 57. Kc2 Kc5 58. Kd3 1/2-1/2

[Event "Victoria-ch qual"]
[Site "Melbourne"]
[Date "2006.10.17"]
[Round "5"]
[White "Vijayakumar, Rengan"]
[Black "Gan, Zhong Haong"]
[Result "0-1"]
[WhiteElo "1462"]
[BlackElo "1277"]
[PlyCount "92"]
[EventDate "2006.10.05"]
[EventType "tourn"]
[EventRounds "9"]
[EventCountry "AUS"]
[SourceTitle "EXT 2008"]
[Source "ChessBase"]
[SourceDate "2007.11.25"]
[SourceVersion "1"]
[SourceVersionDate "2007.11.25"]
[SourceQuality "1"]

1. e4 e5 2. Nf3 Nc6 3. d4 exd4 4. Bc4 Be7 5. Nxd4 Nf6 6. Nc3 0-0 7. f3 Ne5 8. Bb3 d6 9. a3 a6 10. 0-0 c5 11. Nde2 c4 12. Ba2 b5 13. Be3 Nh5 14. Qd2 Kh8 15. Nf4 Nxf4 16. Bxf4 f5 17. Rad1 Bb7 18. Rfe1 Qb6+ 19. Kh1 Qc7 20. Bb1 Rad8 21. Nd5 Bxd5 22. Qxd5 Ng6 23. Bg3 f4 24. Bf2 c3 25. b4 Bf6 26. Ba2 Rfe8 27. Qf7 Re7 28. Qd5 Be5 29. Qd3 Bf6 30. Qd5 Re5 31. Qd3 Bh4 32. Bd4 Bxe1 33. Rxe1 Rg5 34. Bxc3 Rc8 35. Be6 Qxc3 36. Qxc3 Rxc3 37. Bb3 Nh4 38. Re2 Re3 39. Rxe3 fxe3 40. g3 Nxf3 41. Kg2 Nd2 42. Bd5 Rg6 43. Bb7 Rf6 44. Bxa6 Rf2+ 45. Kg1 Nf3+ 46. Kh1 Rxh2# 0-1